[Event "Novokuznetsk-ch op"]
[Site "Novokuznetsk"]
[Date "2009.12.06"]
[Round "7"]
[White "Koshkin, Sergey"]
[Black "Pantykin, Nikolai"]
[Result "0-1"]
[WhiteElo "1958"]
[BlackElo "2158"]
[PlyCount "78"]
[EventDate "2009.11.21"]
[EventType "swiss"]
[EventRounds "9"]
[EventCountry "RUS"]
[SourceTitle "EXT 2011"]
[Source "ChessBase"]
[SourceDate "2010.11.26"]
[SourceVersion "1"]
[SourceVersionDate "2010.11.26"]
[SourceQuality "1"]

1. e4 d6 2. d4 Nf6 3. Nc3 g6 4. Be2 Bg7 5. Nf3 0-0 6. h4 h5 7. Ng5 Nbd7 8. f3 c5 9. d5 Ne5 10. Bf4 a6 11. Bxe5 dxe5 12. a4 Bd7 13. b3 Qa5 14. Qd3 b5 15. 0-0 c4 16. Qe3 b4 17. Nd1 c3 18. Nf2 Ne8 19. g4 Nf6 20. f4 exf4 21. Qxf4 Qc5 22. gxh5 gxh5 23. Kh1 Qd6 24. e5 Nxd5 25. exd6 Nxf4 26. Bf3 Rae8 27. Rad1 Be5 28. dxe7 Rxe7 29. Nd3 Nxd3 30. Rxd3 Bf5 31. Be4 Bg4 32. Re3 Kg7 33. Bf5 Bxf5 34. Rxf5 f6 35. Nh3 Kg6 36. Rf2 Rd8 37. Nf4+ Kh6 38. Nd3 a5 39. Kg2 Rg7+ 0-1